Countries With Six Letters (with a semi-empty map) - Statistics

General Stats
  • This quiz has been taken 425 times
    250 since last reset
  • The average score is 189 of 196
Answers on the Map
Answers color-coded by a green-red scale on the quiz's map according to % correct below.
 
Answer Stats
country % Correct
x
100%
Canada
97%
Brazil
95%
France
95%
Mexico
95%
Russia
95%
Angola
92%
Panama
92%
Sweden
92%
Norway
91%
Turkey
90%
Poland
86%
Guyana
85%
Zambia
85%
Uganda
84%
Guinea
80%
Serbia
80%
Jordan
77%
Bhutan
76%
Malawi
76%
Rwanda
75%
Greece
72%
Israel
69%
Gambia
67%
Kosovo
67%
Taiwan
67%
Latvia
62%
Tuvalu
60%
Cyprus
58%
Brunei
50%
Monaco
49%
Belize
48%
Kuwait
48%
No matching quizzes found
Score Distribution
Percent of People with Each Score
Percentile by Number Answered
Your Score History
You have not taken this quiz since the last reset